| 000 | 00967nam a2200277 c 4500 | ||
|---|---|---|---|
| 003 | BLK | ||
| 005 | 20180422111954.0 | ||
| 008 | 180409b bul|||||r ||||||| ||bul|| | ||
| 010 | _aKNG00142365000 | ||
| 040 | _aBLK | ||
| 041 |
_aBUL _cBUL |
||
| 080 |
_aБългарска литература _b821.163.2 _x-31 _z821.163.2-31 |
||
| 100 | 1 |
_aГолев, Владимир Иванов _eпърви автор _9365746 |
|
| 139 |
_aГолев, Владимир Иванов _bГ 63 |
||
| 245 | 1 | 0 |
_aСамотната вила _bРоман _cВладимир Иванов Голев. |
| 257 | _aBGR | ||
| 260 |
_аСофия _bПартиздат _c1990 |
||
| 300 |
_a207 с. _c20 см |
||
| 380 | _aX | ||
| 500 | _a48 130 тир. | ||
| 852 | _aЦб 162576 | ||
| 856 | 4 |
_qpdf _u |
|
| 856 | 4 |
_qpdf _u |
|
| 942 |
_cKNG _n0 |
||
| 944 |
_aCR _c23.04.2013 _l23.04.2013 - от С1,Р / 23.04.2013 _kСевдалина_Василева |
||
| 944 |
_aED _c23.04.2013 _l23.04.2013 - от С1,Р / 23.04.2013 _k |
||
| 999 |
_c136423 _d136423 |
||